| 000 | 00421 a2200121 4500 | ||
|---|---|---|---|
| 020 | _a1589480341 (pbk.) | ||
| 082 | _a553.70285 MAI | ||
| 100 | _aMaidment,David R. | ||
| 245 |
_aArc hydro : _bGIS for water resources / _cDavid R. Maidment, editor. |
||
| 260 |
_aRedlands, Calif. : _bESRI Press, _cc2002. |
||
| 300 |
_aviii, 203 p. : _bcol. ill., col. maps ; _c23 cm. + _e1 CD-ROM |
||
| 650 | _aHydrologic models. | ||
| 650 | _aGeographic information systems. | ||
| 999 |
_c911 _d911 |
||